000 00903nam a22001817a 4500
999 _c15074
_d15074
003 OSt
082 _2631.56 LIJ/DE
088 _aP 71
100 _aLIJU K
_93784
245 _aDevelopment and performance evaluation of modified banana chipper
260 _aTavanur 1997
_bDepartment of Post-Harvest Technology and Agricultural Processing
300 _a55
500 _aDevelopment and performance evaluation of modified banana chipper
520 _aconventional method. in order to eliminate the drudgery involved in chip making and avoid injury to workers, enhance the capacity and to maintain hygiene, an attempt was undertaken at KCAET with the following objectives, to develop a mechanical banana chipper, to evaluate the performance of the machine etc.
700 _aEr. Prince M. V (Guide)
_93375
856 _uhttps://drive.google.com/open?id=1BRo_zmoplEMsP75b3LAfvMhwqgQP5RaW
942 _cPR